000 00572nam a2200217 a 4500
999 _c5298
_d5298
001 5298
003 BD-JhCC
005 20171212134652.0
008 171212s1983 uk ||||| |||| 00| 0 eng d
035 _a(BD-JhCC)5298
040 _aBD-JhCC
_dBD-JhCC
041 _aeng
082 _a158.5
_bFIS 1983
100 _aFisher, Roger
245 _aGetting to Yes Negotiating Agreement Without Giving In /
_c Roger Fisher
260 _aLondon :
_bPenguin Books
_c1983.
300 _a200 p. :
_c19 cm.
650 _aNegotiation in Business
942 _2ddc
_cBK